Trasa Warszawskiej linii autobusowej 300 - Statystyki

Ogólne statystyki
  • Ten quiz został rozwiązany 46 razy
  • Średni wynik to 4 z 5
Statystyki odpowiedzi
Dzielnica Przystanek % Poprawnych
Mokotów Wyścigi
92%
Mokotów Wyścigi
92%
Mokotów Tor Służewiec
85%
Mokotów Metro Wilanowska
69%
Mokotów Aleja Lotników
62%
Nie znaleziono quizów pasujących do podanych kryteriów
Rozkład punktacji
Procent ludzi z każdym wynikiem
Percentyl według liczby udzielonych odpowiedzi
Twoja historia wyników
Nie rozwiązałeś tego quizu